<The> Prediction capabilities of bankruptcy models in a different environment: an example of Altman model under the conditions in the Visegrad group countries
Testovanie diskriminačnej presnosti Altmanovho modelu. Rozdielnosť diskriminácie v rôznych podmienkach - originálnom, modifikovanom a redukovanom modeli.
Salvato in:
| Autore principale: | |
|---|---|
| Altri autori: | |
| Natura: | Capitolo di libro |
| Lingua: | inglese |
| Soggetti: | |
| Tags: |
Nessun Tag, puoi essere il primo ad aggiungerne!!
|
MARC
| LEADER | 00000naa a2200000 4500 | ||
|---|---|---|---|
| 001 | 0208307 | ||
| 005 | 20231208074328.3 | ||
| 041 | 0 | |a eng | |
| 044 | |a SK | ||
| 245 | 1 | 0 | |a <The> Prediction capabilities of bankruptcy models in a different environment: an example of Altman model under the conditions in the Visegrad group countries |c Mária Režňáková, Michal Karas |
| 520 | |a Testovanie diskriminačnej presnosti Altmanovho modelu. Rozdielnosť diskriminácie v rôznych podmienkach - originálnom, modifikovanom a redukovanom modeli. | ||
| 610 | 2 | 0 | |a bankrot |
| 610 | 2 | 0 | |a hypotézy |
| 610 | 2 | 0 | |a analýza diskriminačná |
| 610 | 2 | 0 | |a modelovanie |
| 100 | 1 | |a Režňáková, Mária | |
| 700 | 1 | |a Karas, Michal | |